000 00638nam a2200241Ia 4500
003 OSt
005 20221005121703.0
006 a|||||r|||| 00| 0
007 ta
008 221004b |||||||| |||| 00| 0 eng d
024 _a66150
037 _cTextual
040 _aCRL
_cCRL
_beng
041 _2eng
_aeng
082 _aV55.N33<-C, L1
100 _aRosenthal Ludwig
_9630971
245 0 _aHow was it possible? California, judeb l manges memorial museum 1971
260 _c1971
300 _a80p.
_ccm.
650 _aHISTORY
942 _hV55.N33<-C, L1
_cTEXL
_2cc
999 _c1041944
_d1041944